000
00313nam a2200145Ia 4500
100
_a
Carrier// Crilly/Paul B
250
_a
4
942
_c
BK
654
_a
communication
245
_a
Communication system
260
_b
Mc Graw Hill Int
_c
2002
082
_a
621.38223
_b
CAR
546
_a
ENGLISH
999
_c
20320
_d
20320